Lachman/Lieberman's the theory and practice of industrial pharmacy / (Record no. 975)

MARC details
000 -LEADER
fixed length control field 00808nam a22002537a 4500
003 - CONTROL NUMBER IDENTIFIER
control field BD-DhJNU
005 - DATE AND TIME OF LATEST TRANSACTION
control field 20241208051541.0
008 - FIXED-LENGTH DATA ELEMENTS--GENERAL INFORMATION
fixed length control field 241208b |||||||| |||| 00| 0 eng d
020 ## - INTERNATIONAL STANDARD BOOK NUMBER
International Standard Book Number 9788123923062
020 ## - INTERNATIONAL STANDARD BOOK NUMBER
International Standard Book Number 9788123922898
040 ## - CATALOGING SOURCE
Original cataloging agency BD-DhJNU
Language of cataloging eng
Transcribing agency BD-DhJNU
Modifying agency BD-DhJNU
082 ## - DEWEY DECIMAL CLASSIFICATION NUMBER
Edition number 23
Classification number 615.19
245 ## - TITLE STATEMENT
Title Lachman/Lieberman's the theory and practice of industrial pharmacy /
Statement of responsibility, etc. edited by Roop K Khar ... [et all.].
250 ## - EDITION STATEMENT
Edition statement 4th ed.
260 ## - PUBLICATION, DISTRIBUTION, ETC.
Place of publication, distribution, etc. New Delhi :
Name of publisher, distributor, etc. CBS Publishers & Distributor Pvt Ltd,
Date of publication, distribution, etc. 2013.
300 ## - PHYSICAL DESCRIPTION
Extent xix, 1203 p. :
Other physical details ill. ;
Dimensions 25 cm.
504 ## - BIBLIOGRAPHY, ETC. NOTE
Bibliography, etc. note includes index
650 ## - SUBJECT ADDED ENTRY--TOPICAL TERM
Topical term or geographic name entry element Pharmaceutical industry
700 ## - ADDED ENTRY--PERSONAL NAME
Personal name Khar, Roop k
Relator term Editor
700 ## - ADDED ENTRY--PERSONAL NAME
Personal name Vyas, SP
Relator term Editor
700 ## - ADDED ENTRY--PERSONAL NAME
Personal name Ahmad, Farhan J
Relator term Editor
700 ## - ADDED ENTRY--PERSONAL NAME
Personal name Jain, Gaurav K
Relator term Editor
942 ## - ADDED ENTRY ELEMENTS (KOHA)
Source of classification or shelving scheme Dewey Decimal Classification
Koha item type Books
Suppress in OPAC No
Holdings
Withdrawn status Lost status Damaged status Not for loan Collection Home library Current library Shelving location Date acquired Source of acquisition Total checkouts Full call number Barcode Date last seen Copy number Price effective from Koha item type
        Non-fiction Jagannath University Central Library Jagannath University Central Library General stacks 12/08/2024 Purchase   615.19 LAC JNUCL32628 12/08/2024 1 12/08/2024 Books